The Hunger Games Random Questions - Statistics

General Stats
  • This quiz has been taken 257 times
  • The average score is 9 of 15
Answer Stats
Hint Answer % Correct
Primrose's Goat Name Lady
91%
What district is Rue from? 11
88%
What is Katniss's choice of weapon Bow
84%
Finnick... Odair
81%
Who almost killed Peeta in the first movie? Cato
79%
Who is considered as 'Lover Boy' Peeta Mellark
78%
Author of the books? Suzanne Collins
78%
Name of books? (in order) The hunger games, catching fire, mockingjay
60%
What did Gale trade a squirrel for in the first movie? Bread
57%
How did Katniss's dad die? Mine explosion
54%
Who's first and last words were "Katniss"? Finnick
42%
A bed of grass... A soft green pillow
39%
What are the poison berries called? Nightlock berries
28%
Director of the movies? Francis Lawrence
19%
Haymitch.... Abbernathy
10%
No matching quizzes found
Score Distribution
Percent of People with Each Score
Percentile by Number Answered
Your Score History
You have not taken this quiz